Harrod's librarians' glossary and reference book : (Record no. 6608)

000 -LEADER
fixed length control field 01440cam a2200313 a 4500
001 - CONTROL NUMBER
control field 13779785
005 - DATE AND TIME OF LATEST TRANSACTION
control field 20250402133248.0
008 - FIXED-LENGTH DATA ELEMENTS--GENERAL INFORMATION
fixed length control field 041112s2005 enk d 000 0 eng
010 ## - LIBRARY OF CONGRESS CONTROL NUMBER
LC control number 2004026891
020 ## - INTERNATIONAL STANDARD BOOK NUMBER
International Standard Book Number 0754640388 (hardcover : alk. paper)
040 ## - CATALOGING SOURCE
Original cataloging agency DLC
Transcribing agency DLC
Modifying agency DLC
050 00 - LIBRARY OF CONGRESS CALL NUMBER
Classification number Z1006
Item number .H32 2005
082 00 - DEWEY DECIMAL CLASSIFICATION NUMBER
Classification number 020.3
Edition number 23
100 1# - MAIN ENTRY--PERSONAL NAME
Personal name Prytherch, Raymond John.
9 (RLIN) 5332
245 10 - TITLE STATEMENT
Title Harrod's librarians' glossary and reference book :
Remainder of title a directory of over 10,200 terms, organizations, projects and acronyms in the areas of information management, library science, publishing and archive management /
Statement of responsibility, etc. compiled by Ray Prytherch.
246 30 - VARYING FORM OF TITLE
Title proper/short title Librarians' glossary and reference book
250 ## - EDITION STATEMENT
Edition statement 10th ed.
260 ## - PUBLICATION, DISTRIBUTION, ETC.
Place of publication, distribution, etc. Aldershot, Hants, England ;
-- Burlington, VT :
Name of publisher, distributor, etc. Ashgate,
Date of publication, distribution, etc. c2005.
300 ## - PHYSICAL DESCRIPTION
Extent xi, 753 p. ;
Dimensions 24 cm.
650 #0 - SUBJECT ADDED ENTRY--TOPICAL TERM
Topical term or geographic name entry element Library science
Form subdivision Dictionaries.
9 (RLIN) 5333
Topical term or geographic name entry element Information science
Form subdivision Dictionaries.
9 (RLIN) 5334
Topical term or geographic name entry element Publishers and publishing
Form subdivision Dictionaries.
9 (RLIN) 5335
Topical term or geographic name entry element Book industries and trade
Form subdivision Dictionaries.
9 (RLIN) 5336
Topical term or geographic name entry element Archives
General subdivision Administration
Form subdivision Dictionaries.
9 (RLIN) 5337
Topical term or geographic name entry element Bibliography
Form subdivision Dictionaries.
9 (RLIN) 5338
906 ## - LOCAL DATA ELEMENT F, LDF (RLIN)
a 7
b cbc
c orignew
d 1
e ecip
f 20
g y-gencatlg
942 ## - ADDED ENTRY ELEMENTS (KOHA)
Source of classification or shelving scheme
Koha item type Books (Long term)
Holdings
Withdrawn status Lost status Source of classification or shelving scheme Damaged status Not for loan Collection code Permanent Location Current Location Shelving location Date acquired Total Checkouts Full call number Barcode Date last seen Date last checked out Price effective from Koha item type Accession
          English Collection Shan State Buddhist University Library Shan State Buddhist University Library English Shelves 07/05/2022 2 025.21 Pr 17873 EB00017873 10/07/2024 15/06/2024 07/05/2022 Books (Long term) 17873
          English Collection Shan State Buddhist University Library Shan State Buddhist University Library English Shelves 23/05/2022   020.3 Pr 18115 EB00018115 23/05/2022   23/05/2022 Books (Long term) 18115
          English Collection Shan State Buddhist University Library Shan State Buddhist University Library English Shelves 23/05/2022   020.3 Pr 17836 EB00017836 14/06/2023   23/05/2022 Books (Long term) 17836

Library - 09407999929
Admin Office - 09407999979
Dean Office - 09250910768
Registrar Office - 09892297154
Email - [email protected]
Shan State Buddhist University, Phaya Phyu Taunggyi, Shan State, Myanmar.